Cervesur : (Registro nro. 275)

Detalles MARC
000 -Cabecera
Campo de control interno 00602nam a2200217Ia 4500
005 - Fecha y hora del registro
control field 20251205091409.0
008 - Elementos de Longitud Fija
fixed length control field 251203t1998||||xx |||||||||||||| ||spa||
020 ## - ISBN
ISBN 9972400921
041 ## - Idioma
Codigo Idioma ESP
082 ## - DEWEY y NOTACIÓN INTERNA
Dewey 663.420985
Notación Interna G317
100 ## - AUTOR
Autor denominación Garayar, Carlos,
Títulos y otras palabras asociadas con el nombre AUT
245 #0 - TÍTULO DE MATERIAL BIBLIOGRÁFICO
Título Cervesur :
Título paralelo un siglo bajo el solde los andes 1898-1998
260 ## - CIUDAD, EDITORIAL, AÑO
Ciudad Lima :
Nombre de la Editorial Ediciones Peisa
Año 1998
300 ## - DESCRIPCIÓN
N° Páginas 190 páginas :
Otros detalles ilustraciones, retratos ;
Dimensiones 31 cm.
650 ## - TEMAS
Temas Tecnología (Ciencias Aplicadas)
653 ## - DESCRIPTORES
Lenguajes no controlado Cerveza; Perú, historia
654 ## - PROGRAMAS
Programa Dpto. de Ingeniería Industrial
700 ## - OTROS AUTORES
Otros autores Jochamowitz, Luis
942 ## - ELEMENTOS DE KOHA
Tipo de documento Libro
Nombre del creador Justo Noguera
Código de catalogador Mirtha Ponce
Esquema de clasificación Dewey Decimal Classification
Existencias
Codigo completo Registro Colección Copia número Disponibilidad Tipo de préstamo Biblioteca Actual Procedencia (Biblioteca) Ubicacón Fecha Ingreso Tipo de Adquisición Date last seen Total checkouts Price effective from Tipo de Item Estado del Material Fuente de Clasificación Damaged status Withdrawn status
663.420985 G317 1085154 Colección Vera Bejar 1   Restringido Víctor Andrés Belaunde Víctor Andrés Belaunde Planta baja cerrada 03/12/2025 Donación 03/12/2025   03/12/2025 Libro Bueno Dewey Decimal Classification   Withdrawn